Everest or K2? - Statistics

General Stats
  • This quiz has been taken 30 times
  • The average score is 6 of 10
Answer Stats
Question Answer % Correct
Has a summit-to-death rate of over 10% K2
100%
Over 8000 metres above sea level Both
86%
Had an earlier first ascent Everest
86%
Has a steep narrow couloir called The Bottleneck K2
86%
Located on the border of two countries Both
57%
First discovered by Col. T.G. Montgomerie K2
57%
Located in the Himalayas Everest
43%
Also known as Chomolungma Everest
43%
Is a fold mountain Both
29%
Home to Jumping Spiders Everest
14%
No matching quizzes found
Score Distribution
Percent of People with Each Score
Percentile by Number Answered
Your Score History
You have not taken this quiz